| 000 | 00456nam a2200181 4500 | ||
|---|---|---|---|
| 003 | LK-CoMWRAF | ||
| 005 | 20230905233213.0 | ||
| 008 | 230905b2005 |||||||| |||| 00| 0 eng d | ||
| 020 | _a9780552775427 | ||
| 040 |
_aLK-CoMWRAF _dLK-CoMWRAF _eLK-CoMWRAF |
||
| 041 | _aeng | ||
| 082 |
_a823 _bSWA |
||
| 100 | _aSwarup, Vikas | ||
| 245 | _aSlumdog millionaire | ||
| 260 |
_aLondon : _bTransworld publishers, _c2005 |
||
| 650 | _aEnglish Fiction | ||
| 942 | _cBK | ||
| 999 |
_c3418 _d3418 |
||